European countries with HDI lower than all neighbors - Statistics

General Stats
  • This quiz has been taken 104 times
  • The average score is 6 of 7
Answer Stats
Hint Answer % Correct
0.932 UK
99%
0.750 Moldova
91%
0.864 Portugal
89%
0.774 North Macedonia
85%
0.780 Bosnia and Herzegovina
84%
0.940 Denmark
80%
0.892 Italy
64%
No matching quizzes found
Score Distribution
Percent of People with Each Score
Percentile by Number Answered
Your Score History
You have not taken this quiz